MARC

LEADER 00000nam0a2200000 4500
001 260735
005 20231101233514.0
010 |a 5247000854 
020 |a RU  |b 88-11228 
035 |a (RuTPU)RU\TPU\book\283705 
090 |a 260735 
100 |a 20140517d1988 k y0rusy5003 ca 
101 0 |a rus 
102 |a RU 
105 |a a z 001zy 
200 1 |a Применение композиций ПАВ при эксплуатации скважин  |f Н. М. Шерстнев [и др.] 
210 |a Москва  |c Недра  |d 1988 
215 |a 184,[1] с.  |c ил. 
300 |a Авт. указаны перед вып. дан. 
320 |a Библиогр.: с. 183 (30 назв.). 
606 1 |a Нефтепромысловая химия  |2 stltpush  |3 (RuTPU)RU\TPU\subj\69631  |9 84388 
610 1 |a нефтедобыча 
610 1 |a поверхностно-активные вещества 
610 1 |a применение 
610 1 |a нефтяные скважины 
610 1 |a эксплуатация 
610 1 |a композиционные материалы 
610 1 |a моющие растворы 
610 1 |a водные растворы 
610 1 |a синтетические вещества 
610 1 |a нефтепоисковая геохимия 
675 |a 622.276.64  |z rus  |v 3 
701 1 |a Шерстнев  |b Н. М.  |g Николай Михайлович 
701 1 |a Гурвич  |b Л. М.  |g Лев Моисеевич 
701 1 |a Булина  |b И. Г.  |g Ирина Георгиевна 
701 1 |a Джавадян  |b А. А. 
801 0 |a RU  |b RuMRKP  |c 19950417  |g psbo 
801 1 |a RU  |b 63413507  |c 20140517 
801 2 |a RU  |b 63413507  |c 20150128  |g RCR 
942 |c BK